书目信息 |
| 题名: |
哲学的改造
|
|
| 作者: | 杜威 著 ;张颖 译 | |
| 分册: | ||
| 出版信息: | 西安 陕西人民出版社 2004 |
|
| 页数: | 144页 | |
| 开本: | 21cm | |
| 丛书名: | 影响世界历史进程的书 | |
| 单 册: | ||
| 中图分类: | B712.51 | |
| 科图分类: | ||
| 主题词: | 哲学思想--美国--20世纪 | |
| 电子资源: | ||
| ISBN: | 7-224-06738-5 | |
| 000 | 00883oam2 2200289 45 | |
| 001 | 110000000944 | |
| 005 | 20050927153359.46 | |
| 010 | @a7-224-06738-5@dCNY15.00 | |
| 100 | @a20041126d2004 ekmy0chiy0120 ea | |
| 101 | 1 | @achi@ceng |
| 102 | @aCN@b610000 | |
| 105 | @ay z 001yy | |
| 200 | 1 | @a哲学的改造@9zhe xue de gai zao@f(美)约翰·杜威著@F(mei)yue han·du wei zhu@g张颖译 |
| 210 | @a西安@c陕西人民出版社@d2004 | |
| 215 | @a144页@d21cm | |
| 225 | 2 | @a影响世界历史进程的书@h第2批 |
| 305 | @a根据波士顿The Beacon Press 1960年版译 | |
| 320 | @a有索引 | |
| 461 | 0 | @12001 @a影响世界历史进程的书 |
| 600 | 1 | @a杜威@bJ.@f1859~1952@gJohn Dewey@x哲学思想 |
| 606 | 0 | @a哲学思想@y美国@z20世纪 |
| 690 | @aB712.51@v4 | |
| 701 | 0 | @a杜威@Adu wei@4著 |
| 702 | 0 | @a张颖@Azhang ying@4译 |
| 801 | 0 | @aCN@bTSSF@c20050927 |
| 905 | @a10447@dB712.51@e14-2 | |
| 999 | @aAFJ@eGLX | |
| 哲学的改造/(美)约翰·杜威著/张颖译.-西安:陕西人民出版社,2004 |
| 144页;21cm.-(影响世界历史进程的书.第2批) |
| ISBN 7-224-06738-5:CNY15.00 |
| ● |
| 相关链接 |
|
|
|
|
正题名:哲学的改造
索取号:B712.51/14-2
 
预约/预借
| 序号 | 登录号 | 条形码 | 馆藏地/架位号 | 状态 | 备注 |
| 1 | 0362855 | 3628550 | 第一样本阅览室/ [索取号:B712.51/14-2] | 在馆 | |
| 2 | 0362856 | 3628569 | 第一借阅区/ [索取号:B712.51/14-2] | 在馆 | |
| 3 | 0362857 | 3628578 | 第一借阅区/ [索取号:B712.51/14-2] | 在馆 | |
| 4 | 0362858 | 3628587 | 第一借阅区/ [索取号:B712.51/14-2] | 在馆 | |
| 5 | 0362859 | 3628596 | 第一借阅区/ [索取号:B712.51/14-2] | 在馆 |